Vista normal
Vista MARC
Entrada Topical Term
Número de registros utilizados en: 1
001 - CONTROL NUMBER
- control field: 66793
003 - CONTROL NUMBER IDENTIFIER
- control field: OSt
005 - DATE AND TIME OF LATEST TRANSACTION
- control field: 20251106221136.0
008 - FIXED-LENGTH DATA ELEMENTS
- fixed length control field: 251106|| aca||aabn | a|a d
040 ## - CATALOGING SOURCE
- Original cataloging agency: OSt
- Transcribing agency: OSt
150 ## - HEADING--TOPICAL TERM
- Topical term or geographic name entry element: Cría de cerdos
- Form subdivision: Guías
670 ## - SOURCE DATA FOUND
- Source citation: Work cat.: (OSt)59830: Anzola Vásquez, Héctor José aut 66792, Buenas prácticas de bioseguridad en centros productores de material seminal porcino :